Dokumentární akreditiv - pomocník při vašem podnikání

Dokumentárny akreditív ako platobný inštrument používaný bežne v zahraničnom obchode. Dokumentárny akreditív označený ako avizovaný alebo potvrdený. Kumulatívny alebo nekumulatívny revolvingový dokumentárny akreditív. Prevoditeľný dokumentárny akreditív. Praktické príklady na jednotlivé druhy dokume...

Descripción completa

Guardado en:
Detalles Bibliográficos
Autor principal: Milostná, I.
Formato: Capítulo de libro
Lenguaje:checo
Materias:
Etiquetas: Agregar Etiqueta
Sin Etiquetas, Sea el primero en etiquetar este registro!

MARC

LEADER 00000naa a2200000 4500
001 r014163
005 20221213081654.7
041 0 |a cze 
044 |a CZ 
245 1 0 |a Dokumentární akreditiv - pomocník při vašem podnikání  |c I. Milostná 
520 |a Dokumentárny akreditív ako platobný inštrument používaný bežne v zahraničnom obchode. Dokumentárny akreditív označený ako avizovaný alebo potvrdený. Kumulatívny alebo nekumulatívny revolvingový dokumentárny akreditív. Prevoditeľný dokumentárny akreditív. Praktické príklady na jednotlivé druhy dokumentárnych akreditívov. 
610 2 0 |a akreditívy 
610 2 0 |a obchod zahraničný 
610 2 0 |a nástroje finančné 
610 2 0 |a podnikanie 
610 2 0 |a banky 
100 1 |a Milostná, I.